| 000 | 00554pam a2200181 a 4500 | ||
|---|---|---|---|
| 020 | _a044401067X | ||
| 082 | 0 | 0 |
_a624.1762 _bSHA |
| 100 | 1 |
_aSharma, Neelam _918363 |
|
| 245 | 1 | 0 |
_aEarthquake resistant building construction _cSharma, Neelam |
| 250 | _a3rd ed. | ||
| 260 |
_aNew Delhi : _bS.K. Kataria, _c2015. |
||
| 300 |
_axii, 204 p. : _bill. ; _c24 cm. |
||
| 500 | _aIncludes index. | ||
| 526 |
_a0 _b0 _c0 _d624_176200000000000_SHA |
||
| 650 | 0 |
_aBuildings _xEarthquake effects. _9701 |
|
| 650 | 0 |
_aEarthquake resistant design. _9652 |
|
| 942 |
_2ddc _cBK |
||
| 999 |
_c554189 _d554189 |
||